00770nam a22002297a 4500999001500000001000500015003000900020005001700029008004100046020001500087040003800102082001800140245006500158260003500223300004000258490003300298650002600331650002800357700002700385942001200412952011600424 c3299d32994114BD-DhUAP20200303152618.0200303s1990 enka|||| |||| 00| 0 eng d a1854900439 aBD-DhUAPbEngcBD-DhUAPdBD-DhUAP 223a724.6 NEW aThe new modern aesthetic / cEdited by Andreas C. Papadakis. aLondon : bAcad. Ed., cc1990. a96 pages :billustrations ;c28 cm. aAn Art & Design Profile, 86. aArchitecture, Modern. aModernism (Aesthetics). aPapadakis, Andreas C.  2ddccBK 00102ddc4070aUAPCLbUAPCLcGeneral Stacksd2020-03-03o724.6 NEWp3010004114r2020-03-03t1w2020-03-03yBK